Регионална библиотека "Любен Каравелов" - Русе

Комунистически манифест (Запис номер 402126)

MARC детайли
000 -Лидер
Контролно поле с фиксирана дължина nam a22 a 4500
003 - Код на организацията, давaща контролен номер
Контролно поле BLK
005 - Дата и час на последна редакция
Контролно поле 20210329125651.0
008 - Елементи от данни с фиксирана дължина
fixed length control field 210323b bu |||||r|||| 00| | bu d
040 ## - Източник на каталожния запис
Идентификатор на билиотеката - собственик на записа BLK
041 ## - Код за език
Код за езика на текст/звукозапис или на отделно заглавие Български
Код за езика КДБФ Български
080 ## - УДК
Текстов определител УДК Марксизъм-ленинизъм. Научен комунизъм
УДК код - определител по УДК 141.82
УДК - код + определител 141.82
100 ## - Редна дума - Автор
R(LIN) 248944
Автор Маркс, Карл
Авторска отговорност първи автор
139 ## - Редно поле
Редна дума Маркс, Карл и др.
245 ## - Сведения за заглавието
Заглавие Комунистически манифест
Редно поле (дума) Карл Маркс, Фридрих Енгелс.
250 ## - Област на изданието
Сведения за изданието 2 изд.
260 ## - Област на издателските данни
9 (RLIN) 435244
Място на издаване, разпространение и проч. Варна
Име на издателя, разпространителя и проч. Стефан Георгиев и сие
Година на издаване 1900
Печатница Варна : Печ. Взаимност
300 ## - Физическа характеристика
Страници 64 с.
Размери/Мащаб 20 см
380 ## - Жанр
Жанр Философия
490 ## - СЕРИИ (Колекции)
9 (RLIN) 206499
Име на серия Популярно-научна библиотека
№: серия 12
700 ## - Други автори (авторска отговорност)
9 (RLIN) 966
Лично име Бакалов, Георги
Автороска отговорност (Описва отношението между автора и произведението) прев.
852 ## - Местоположение
Форматна сигнатура Цб Рб 900
Фондова буква Хранилище
999 ## - СИСТЕМНИ КОНТРОЛНИ НОМЕРА
Koha biblionumber 402126
Koha biblioitemnumber 402126
942 ## - АРТИКУЛИ
Вид на библиотечния материал Книги
Скрит в OPAC Не
Периодичен библиозапис Да
944 ## - СЪЗДАВАНЕ И РЕДАКЦИЯ на ЗАПИСА
Създаване/Редакция Създаване
Дата на регистрацията/редакция 2021-03-23
Служител, извършил регистрацията/редакцията А.М.
999 ## - СИСТЕМНИ КОНТРОЛНИ НОМЕРА
Koha biblioitemnumber 402126
Наличности
Код за отписване Код за изгубен артикул Източник на класификационната схема Код за повреда Коз за рестрикции Код за отдаване Артикулен № Име на библиотеката - собственик Име на библиотеката, в която се намира в момента Статус (Текущо местоположение) Дата на вписване в системата Местоположение - отдел Цена в лева Инвентарен номер Систематично азбучна сигнатура Баркод Цена в евро Служебен тип на артикула
  Не е изгубен Universal Decimal Classification Не е повреден само за читалня Специални фондове ( старопечатни, редки и ценни, фонд М. Арнаудов) 853255 Регионална библиотека "Любен Каравелов" Русе Регионална библиотека "Любен Каравелов" Русе Редки и ценни 2021-09-20 Редки и ценни 0.05 13071 Рб 900 900000042952 0.03 Книги
Vip Innovations Ltd, Rousse, Bulgaria 2025